Statistics for Capital Cities With More Than One Word in the Name

Click here to take the quiz!

General Stats

  • This quiz has been taken 212 times
  • The average score is 23 of 31

Answer Stats

CountryAnswer% Correct
MexicoMexico City
95%
ArgentinaBuenos Aires
93%
Vatican CityVatican City
92%
United States of AmericaWashington, D.C.
92%
IndiaNew Delhi
91%
PanamaPanama City
90%
San MarinoSan Marino
89%
KuwaitKuwait City
85%
South Africa (legislative)Cape Town
84%
HaitiPort-au-Prince
84%
El SalvadorSan Salvador
83%
MalaysiaKuala Lumpur
81%
AndorraAndorra la Vella
80%
United Arab EmiratesAbu Dhabi
79%
GuatemalaGuatemala City
79%
Bolivia (administrative)La Paz
79%
EthiopiaAddis Ababa
77%
MongoliaUlan Bator
69%
CambodiaPhnom Penh
68%
São Tomé and PríncipeSão Tomé
68%
Costa RicaSan Jose
67%
Dominican RepublicSanto Domingo
66%
Papua New GuineaPort Moresby
64%
Trinidad and TobagoPort of Spain
64%
Antigua and BarbudaSt. John's
57%
GrenadaSt. George's
52%
BruneiBandar Seri Begawan
51%
Benin (official)Porto-Novo
49%
MauritiusPort Louis
46%
VanuatuPort Vila
43%
Sri Lanka (legislative)Sri Jayawardenapura Kotte
34%

Score Distribution

Percentile by Number Answered

Percent of People with Each Score

Your Score History

You have not taken this quiz